00725nam a2200217 i 450000100060000000300090000600500170001500700030003200800410003510000210007624500780009725000120017526000650018730000300025249000120028270000340029483000200032885200210034899900170036995201210038689935ES-MaACL20230906180315.0t|050117s1952 sp a |||| | spa d1 aLea, Tom.97094510aToros bravos / cTom Lea ; [versión española de Joaquín Verdaguer]. a1ª ed. aBarcelona : bLuis de Caralt, c1952 (fAgustín Núñez) a246 p. : bil. ; c21 cm.1 aGigante1 aVerdaguer, Joaquín.91140000 aGigante9181050 aES-MaACLjD-8192 c89935d89935 00104070aATENEOMbATENEOMcSVId2008-01-17eSCl0oD-8192p901093921r2023-02-23 00:00:00w2023-02-23yMONOGRAFIA